Strategisches Management

Salvato in:
Dettagli Bibliografici
Autore principale: Pfau, Wolfgang
Natura: Libro
Lingua:tedesco
Pubblicazione: München Verlag Vahlen 2001
Serie:Kompaktstudium Wirtschaftswissenschaften Band 16
Soggetti:
Tags: Aggiungi Tag
Nessun Tag, puoi essere il primo ad aggiungerne!!

MARC

LEADER 00000nam$a2200000$$$4500
001 0035931
005 20240226134328.1
020 |a 3-8006-2762-0 
041 0 |a ger 
044 |a DE 
245 1 0 |a Strategisches Management  |c Wolfgang Pfau 
264 1 |a München  |b Verlag Vahlen  |c 2001 
300 |a 171 s. 
490 1 |a Kompaktstudium Wirtschaftswissenschaften  |v Band 16 
830 0 |a Kompaktstudium Wirtschaftswissenschaften  |v Band 16 
610 2 0 |a riadenie strategické 
610 2 0 |a manažment strategický 
610 2 0 |a plánovanie strategické 
610 2 0 |a ciele riadenia 
610 2 0 |a analýzy 
610 2 0 |a prostredie ekonomické 
610 2 0 |a nástroje riadenia 
610 2 0 |a benchmarking 
610 2 0 |a akcionári 
100 1 |a Pfau, Wolfgang